Statystyki dla RZECZY, KTÓRE ZNAJDZIEMY W KAŻDEJ KOBIECEJ TOREBCE

Kliknij tutaj aby rozwiązać quiz!

Ogólne statystyki

  • Ten quiz został rozwiązany 451 razy
    (321 od ostatniego zresetowania)
  • Średni wynik to 4 z 8

Statystyki odpowiedzi

Odpowiedź% Poprawnych
TELEFON
88%
PORTFEL
82%
SZMINKA
64%
CHUSTECZKI
58%
LUSTERKO
46%
KOSMETYKI
38%
GUMY DO ŻUCIA
17%
BIŻUTERIA
9%

Rozkład punktacji

Percentyl według liczby udzielonych odpowiedzi

Procent ludzi z każdym wynikiem

Twoja historia wyników

Nie rozwiązałeś tego quizu od ostatniego zresetowania